Traité de chimie élémentaire théorique et practique, suivi d'un essai sur la philosophie chimique et d'un précis sur l'analyse / (Registro nro. 166230)

Detalles MARC
000 -LEADER
campo de control de longitud fija 00708nam a22001815i 4500
001 - NÚMERO DE CONTROL
campo de control 166230
003 - IDENTIFICADOR DE NÚMERO DE CONTROL
campo de control ES-MaACL
005 - FECHA Y HORA DE LA ÚLTIMA TRANSACCIÓN
campo de control 20250723094648.0
008 - DATOS DE LONGITUD FIJA--INFORMACIÓN GENERAL
campo de control de longitud fija 980806s1836 be |||| | fre d
040 ## - FUENTE DE CATALOGACIÓN
Centro catalogador/agencia de origen LR
Lengua de catalogación spa
Centro/agencia transcriptor LR
100 1# - ENTRADA PRINCIPAL--NOMBRE DE PERSONA
Nombre de persona Thenard, Louis-Jacques.
9 (RLIN) 154430
245 10 - MENCIÓN DEL TÍTULO
Título Traité de chimie élémentaire théorique et practique, suivi d'un essai sur la philosophie chimique et d'un précis sur l'analyse /
Mención de responsabilidad, etc. par M. le Baron L. J. Thenard ...
260 ## - PUBLICACIÓN, DISTRIBUCIÓN, ETC.
Lugar de publicación, distribución, etc. Bruxelles :
Nombre del editor, distribuidor, etc. Louis Hauman et Compagnie ...,
Fecha de publicación, distribución, etc. 1836 (
Fabricante Imprimerie de L. Schapen)
300 ## - DESCRIPCIÓN FÍSICA
Extensión 2 v. (604 ; 564 p.) ;
Dimensiones 24 cm.
650 07 - PUNTO DE ACCESO ADICIONAL DE MATERIA--TÉRMINO DE MATERIA
Término de materia o nombre geográfico como elemento de entrada Química
Fuente del encabezamiento o término embne
9 (RLIN) 16625
852 ## - LOCALIZACIÓN
Ubicación ES-MaACL
Número de control de estantería G-1232-33
Nota libre -- Enc. hol.
Existencias
Estatus retirado Estado de pérdida Estado de daño No para préstamo Colección Biblioteca de origen Biblioteca actual Ubicación en estantería Fecha de adquisición Total de préstamos Signatura topográfica completa Código de barras Visto por última vez Precio de reemplazo Tipo de ítem Koha
        Libros del s. XIX Biblioteca del Ateneo de Madrid Biblioteca del Ateneo de Madrid Depósito 2 17/01/2008   G-1232-33 1174330 23/02/2023 23/02/2023 Libro impreso antiguo